000 00240nam a2200097Ia 4500
001 1208216
005 20250827022841.0
008 250824s9999 xx 000 0 und d
245 0 _aTERSİNE DÜNYA
_cORHAN KEMAL
260 _bEVEREST YAYINLARI
999 _c1208216
_d1208216